00371nam a2200145Ia 4500001000700000008004100007035001500048041000800063084001900071245005600090260002600146300002200172650000900194650002200203001279221003s1994 xx 000 0 spa d aCENDO_2349 aspa aRI-00019-00021 0aNoticias de prensa acerca de la situación en Cuba a[S.l. :bs.n.],c1995 a[3] h. ;c 30 cm aCUBA aNOTICIA DE PRENSA